|
|
|
|
| LEADER |
00000nab a2200000 ar4500 |
| 001 |
vtls008995648 |
| 003 |
SK-MaSNL |
| 005 |
20260305040757.0 |
| 008 |
070604|2007 xo er|p|||||||000 b|pol |
| 015 |
|
|
|a SNBRA2007/06
|
| 038 |
|
|
|a PPPK
|
| 040 |
|
|
|a PPPKCL
|b slo
|c PPPKCL
|e AACR2
|
| 041 |
0 |
|
|a slo
|b ger
|
| 044 |
|
|
|a xo
|c SK
|
| 080 |
|
|
|a 94 (437.67)
|2 1997
|
| 080 |
|
|
|a 908
|x (437.67)
|2 1997
|
| 080 |
|
|
|a 929 Weber, Samuel
|2 1997
|
| 080 |
|
|
|a 929 Vojtas, Jozef
|2 1997
|
| 080 |
|
|
|a 2-51
|2 1997
|
| 100 |
1 |
|
|a Chalupecký, Ivan,
|d 1932-2020
|4 aut
|9 199754
|
| 245 |
1 |
0 |
|a Dve doby - dve osobnosti
|c Ivan Chalupecký
|
| 546 |
|
|
|a Res. nem.
|
| 600 |
1 |
7 |
|a Weber, Samuel,
|d 1835-1908
|2 pppkcl
|9 120263
|
| 600 |
1 |
7 |
|a Vojtas, Jozef,
|d 1906-1977
|2 pppkcl
|9 133179
|
| 648 |
|
7 |
|a 19. stor., 2. polovica-20. stor., 1. polovica
|2 pppkcl
|9 704105
|
| 651 |
|
7 |
|a Spišská Belá (Slovensko)
|2 pppkcl
|9 16198
|
| 651 |
|
7 |
|a Jurgov (Poľsko)
|2 pppkcl
|9 54571
|
| 651 |
|
7 |
|a Levoča (Slovensko : okres)
|2 pppkcl
|9 30131
|
| 773 |
0 |
|
|t Z minulosti Spišskej Belej. Ročenka mesta Spišská Belá. II. ročník
|d Spišská Belá - Levoča : Mestský úrad - Spišský dejepisný spolok, 1995-1996
|g S. 6-8
|
| 852 |
|
|
|a PPPK
|b KIS3GCP
|
| 999 |
|
|
|c 3340292
|d 3342222
|